Biblioteca

Liberation for life : (Registro nro. 70246)

Detalles MARC
000 -LÍDER
Campo fijo de descripción fija 01437nab a2200217 i 4500
001 - NÚMERO DE CONTROL
Campo de control 768714001
003 - IDENTIFICADOR DEL NÚMERO DE CONTROL
Campo de control CO-MdFUSB
005 - FECHA Y HORA DE LA ULTIMA TRANSACCIÓN
control field 20240618112828.0
008 - ELEMENTOS DE LONGITUD FIJA -- INFORMACIÓN GENERAL
Campo fijo de descripción fija -- Información general 240618t1988 us ||||| |||| 00| 0 eng d
040 ## - FUENTE DE CATALOGACIÓN
Idioma de catalogación
Agencia que realiza la transcripción CO-MdFUSB
Agencia que realiza la modificación CO-MdFUSB
100 ## - ASIENTO PRINCIPAL--NOMBRE PERSONAL
Nombre personal Thomas, Norman E.,
Término relacionador autor
245 1# - TÍTULO
Título Liberation for life :
Subtitulo a hindu liberation philosophy
Mención de responsabilidad / Norman E. Thomas
520 ## - NOTA DE RESUMEN, ETC.
Nota de sumario, etc. El hinduismo tiene su propia teología (o filosofía) de la liberación. Tiene sus raíces en la comprensión de la liberación (oksha ) y la liberación ( mukti ) en el hinduismo clásico. Este artículo es un estudio del ideal de liberación en la vida ( jivanmukti ) tal como se encuentra en el pensamiento del filósofo vedanta Shankara, en las creencias y prácticas devocionales Shaiva Siddhanta del sur de la India y en la ética social de Swami Vivekananda y Mohandas Gandhi. L as evaluaciones de teólogos indios contemporáneos sugieren puntos de encuentro entre hindúes y cristianos que sostienen teologías de la liberación.
546 ## - NOTA DE IDIOMA
Nota de idioma Texto en inglés.
650 #0 - ASIENTO SECUNDARIO DE MATERIA - TERMINO TEMÁTICO
Término temático o nombre geográfico como elemento de entrada Cristianismo y otras religiones
Subdivisión general Hinduismo.
9 (RLIN) 1248
650 #7 - ASIENTO SECUNDARIO DE MATERIA - TERMINO TEMÁTICO
Término temático o nombre geográfico como elemento de entrada Teología de la liberación
9 (RLIN) 449
650 #7 - ASIENTO SECUNDARIO DE MATERIA - TERMINO TEMÁTICO
Término temático o nombre geográfico como elemento de entrada Antropología cultural y social
9 (RLIN) 6714
773 0# - ASIENTO DE ITEM FUENTE
Biblionumber 49486
Itemnumber 82776
Lugar, editorial y fecha de publicación Pasadena
Otro identificador del ítem R2651
Título Missiology:
Número de control del registro (CO-MdFUSB)97
Parte(s) relacionada(s) / Volumen., número. (mes año), páginas Volumen 16, (número 2, 1988) páginas: 149 - 162
Enumeración y primera página página: 149
942 ## - TIPO DE MATERIAL (KOHA)
Tipo de Item KOHA Artículos de Revista
945 ## - INFORMACIÓN LOCAL DEL REGISTRO
Catalogador Catherine Arias Álvarez - Practicante SENA

No hay ítems disponibles.

Biblioteca FUSBC | Teléfono: (57+4) 349 88 10 Ext. 141| WhatsApp (+57) 3005338115 
E-mail: biblioteca@unisbc.edu.co | Calle 76 87-14 Robledo Palenque, Medellín, Colombia

Con tecnología Koha